000
00281nam a2200121Ia 4500
008
190216s9999||||xx |||||||||||||| ||und||
100
_a
Janardhanapillai
245
0
_a
Algebra1 3rd Bsc
260
_b
Ajith Book Center
_c
1996
300
_a
72
650
_a
Mathematics
942
_c
BK
999
_c
31343
_d
31343